Регионална библиотека "Любен Каравелов" - Русе

Световните цивилизации (Запис номер 22512)

MARC детайли
000 -Лидер
Контролно поле с фиксирана дължина 02064nam a2200397 c 4500
003 - Код на организацията, давaща контролен номер
Контролно поле BLK
005 - Дата и час на последна редакция
Контролно поле 20201007041014.0
008 - Елементи от данни с фиксирана дължина
fixed length control field 180413b bul|||||r ||||||| ||bul||
010 ## - Наследен системен номер
LC control number KNG00024893000
020 ## - Международен стандартен номер на книга ISBN
Международен стандартен номер на книга ISBN 954-584-275- Х
-- издат.: Абагар - на том(т. 4)
040 ## - Източник на каталожния запис
Идентификатор на билиотеката - собственик на записа BLK
041 ## - Код за език
Код за езика на текст/звукозапис или на отделно заглавие Български
Код за езика КДБФ Български
080 ## - УДК
Текстов определител УДК Цивилизация. Култура. Прогрес. История на културата вж 930.85
УДК код - определител по УДК 008
УДК определител (100)
УДК - код + определител 008(100)
080 ## - УДК
Текстов определител УДК История на цивилизацията. История на културата
УДК код - определител по УДК 930.85
УДК определител
УДК - код + определител 930.85
139 ## - Редно поле
Редна дума Световните цивилизации
Авторски знак Све - С 25
245 10 - Сведения за заглавието
Заглавие Световните цивилизации
Подзаглавни данни История и култура : В 4 т.
Редно поле (дума) съавт. Филип Лий Ралф; прев. на том Рени Димитрова.
Том Т. 4
Заглавие на том Западът в центъра на света ; Поява на световна цивилизация
257 ## - Страна на издаване
Страна на създаване/издаване Съединени американски щати
260 ## - Област на издателските данни
-- София
Година на издаване 1998 -
Печатница Враца : Полипринт
300 ## - Физическа характеристика
Размери/Мащаб 24 см
380 ## - Жанр
Жанр Общ отдел
500 ## - Общи забележки
Забележка Ориг. загл. World Civilization / Philip Lee Ralph, Robert E. Lerner, Standish Meacham, Alan T. Wood, Richard W. Hull, Edward McNail Burns. - Други авт.: Р. Е. Лернър, С. Мийчъм, А. Т. Ууд, Р. У. Хъл, Е. М. Бърнс.
650 #4 - Допълнително описание по предмет – тема
Основно описание – тема или топоним история
9 (RLIN) 157727
650 #4 - Допълнително описание по предмет – тема
Основно описание – тема или топоним Култура
9 (RLIN) 159819
650 #4 - Допълнително описание по предмет – тема
Основно описание – тема или топоним Цивилизация - история
9 (RLIN) 250724
653 ## - Ключова дума – ненормативна
Ключова дума култура
653 ## - Ключова дума – ненормативна
Ключова дума цивилизации
653 ## - Ключова дума – ненормативна
Ключова дума история
700 1# - Други автори (авторска отговорност)
Лично име Ралф, Филип Лий
Автороска отговорност (Описва отношението между автора и произведението) съавт.
9 (RLIN) 365753
700 1# - Други автори (авторска отговорност)
Лично име Димитрова, Рени
Автороска отговорност (Описва отношението между автора и произведението) прев. на том
9 (RLIN) 364069
760 1# - Описание на основната серия
-- - на том(т. 4)
Място на издаване, издател и година Абагар, 1999
Страници - том 560 с. : ил., к.
Заглавие Т. 4 Западът в центъра на света ; Поява на световна цивилизация
852 ## - Местоположение
Форматна сигнатура Цб 197347
856 4# - Електронен адрес и достъп
Електронен формат pdf - файл
Път до файла /url/
856 4# - Електронен адрес и достъп
Електронен формат pdf - файл
Път до файла /url/
942 ## - АРТИКУЛИ
Вид на библиотечния материал Книги
Скрит в OPAC Не
944 ## - СЪЗДАВАНЕ И РЕДАКЦИЯ на ЗАПИСА
Създаване/Редакция Създаване
Дата на регистрацията/редакция 15.01.2003
Служител, извършил регистрацията/редакцията Милена_Ачева
944 ## - СЪЗДАВАНЕ И РЕДАКЦИЯ на ЗАПИСА
Създаване/Редакция Редакция
Дата на регистрацията/редакция 29.07.2011
Служител, извършил регистрацията/редакцията
999 ## - СИСТЕМНИ КОНТРОЛНИ НОМЕРА
Koha biblionumber 22512
Koha biblioitemnumber 22512
Наличности
Код за отписване Код за изгубен артикул Източник на класификационната схема Код за повреда Коз за рестрикции Код за отдаване Артикулен № Име на библиотеката - собственик Име на библиотеката, в която се намира в момента Статус (Текущо местоположение) Дата на вписване в системата Местоположение - отдел Цена в лева Инвентарен номер Систематично азбучна сигнатура Баркод Номер на екземпляра Цена в евро Служебна бележка Служебен тип на артикула
  Не е изгубен Universal Decimal Classification Не е повреден без рестрикции ползва се в читалня 37177 Регионална библиотека "Любен Каравелов" Русе Регионална библиотека "Любен Каравелов" Русе Хранилище 2001-01-01 Хранилище 16.00 646954 Цб 197347 120000646954 1 8.18 Дост: Dp Вид: Д N: стар фонд Дата: 01.01.1998 Книги
  Не е изгубен Universal Decimal Classification Не е повреден без рестрикции ползва се в читалня 37178 Регионална библиотека "Любен Каравелов" Русе Регионална библиотека "Любен Каравелов" Русе Читалня 1998-01-01 Читалня 16.00 644519 Ч 008(100)/С 25 120000644519 2 8.18 Дост: Pk Вид: Ф N: стар фонд Дата: 01.01.1998 Дата инв: 21.03.2017 Бележки инв: Ч2017 Книги
Изтеглен Не е изгубен   Не е повреден без рестрикции заемане за дома 37179 Регионална библиотека "Любен Каравелов" Русе Регионална библиотека "Любен Каравелов" Русе Заемна - подръчен фонд 1998-01-01 Заемна - подръчен фонд 16.00 649902 П 008(100)/С 25 649902 3 8.18 Дост: Pk Вид: Ф N: стар фонд Дата: 01.01.1998 Дата инв: 01.02.2018 Бележки инв: П2018 Книги
Vip Innovations Ltd, Rousse, Bulgaria 2025